000 00521nam a2200181Ia 4500
003 GCL
008 140319s9999 xx 000 0 eng d
040 _aGCL /
_cGCL
082 0 4 _a892.76
_bS V
100 1 _aSAMAAN, ANGLELE BOTRES
245 1 0 _aA VOICE OF THEIR OWN: SHORT STORIES BY EGYPTIAN WOMEN /
_cSAMAAN, ANGLELE BOTRES
260 _a[S.N] :
_bFRISM PUBLICATIONS OFFICES ،
_c1994
300 _a301 P
650 0 4 _aHISTORY AND CRITICISM
650 0 4 _aARABIC LITERATURE
650 0 4 _aFICTION
942 _2ddc
_cBK
999 _c19367
_d19367